[Event "Titled Tue 3rd Jan Late"]
[Site "chess.com INT"]
[Date "2025.06.03"]
[Round "9"]
[White "Saidov, Bilukhadzh"]
[Black "Chen, Yidong"]
[Result "1-0"]
[WhiteTitle "FM"]
[WhiteElo "2309"]
[BlackElo "2038"]
[WhiteFideId "34165476"]
[BlackFideId "8607028"]
[EventDate "2025.06.03"]

1. d4 Nf6 2. Nf3 g6 3. c4 Bg7 4. Nc3 d5 5. e3 O-O 6. Be2 c5 7. dxc5 Na6 8. cxd5
Nxc5 9. O-O Bf5 10. Nd4 Be4 11. f3 Bxd5 12. e4 Be6 13. Be3 Bd7 14. Rc1 Ne6 15.
e5 Ne8 16. f4 Nxd4 17. Bxd4 Nc7 18. Bf3 Bc6 19. Bxc6 bxc6 20. Bc5 Nd5 21. Ne4
Re8 22. Qe2 Bh6 23. g3 Qa5 24. b3 Rad8 25. Bf2 Qb5 26. Qxb5 cxb5 27. Rfd1 a6 28.
Nc5 Nb4 29. Rxd8 Rxd8 30. a3 Na2 31. Rc2 Rd1+ 32. Kg2 Nc1 33. b4 Nd3 34. Nxa6
Nxf2 35. Kxf2 e6 36. Nc7 Rh1 37. Kg2 Ra1 38. Nxb5 Bf8 39. h4 h5 40. Rc3 Kg7 41.
Rb3 Ra2+ 42. Kf3 Be7 43. Nd6 f6 44. exf6+ Kxf6 45. Ne4+ Kf5 46. Nc3 Rd2 47. Ke3 1-0

[Event "Titled Tue 3rd Jan Late"]
[Site "chess.com INT"]
[Date "2025.06.03"]
[Round "9"]
[White "Buchenau, Frank"]
[Black "Fadi, Marko"]
[Result "0-1"]
[WhiteTitle "FM"]
[BlackTitle "FM"]
[WhiteElo "2190"]
[BlackElo "2244"]
[WhiteFideId "4604350"]
[BlackFideId "10605371"]
[EventDate "2025.06.03"]

1. e4 c5 2. g3 Nc6 3. Bg2 g6 4. Ne2 Bg7 5. c3 d6 6. d4 cxd4 7. cxd4 Nf6 8. Nbc3
O-O 9. d5 Ne5 10. O-O Bd7 11. h3 Rc8 12. b3 Be8 13. Be3 a6 14. a4 Ned7 15. a5
Qc7 16. Qd2 Nc5 17. Rab1 Qb8 18. b4 Na4 19. Rfc1 b5 20. Nxa4 Rxc1+ 21. Rxc1 bxa4
22. Nd4 Bb5 23. Nxb5 Qxb5 24. Bf1 Qb7 25. f3 Rc8 26. Rc4 Nd7 27. Qc2 Rxc4 28.
Bxc4 Qxb4 29. Bxa6 Qe1+ 30. Kg2 Qxe3 31. Qc8+ Nf8 32. Bf1 Bd4 33. h4 Qg1+ 34.
Kh3 Qxf1+ 35. Kg4 h5+ 0-1

[Event "Titled Tue 3rd Jan Late"]
[Site "chess.com INT"]
[Date "2025.06.03"]
[Round "9"]
[White "Vaganian, Rafael A"]
[Black "Rajaram, Rohan"]
[Result "1-0"]
[WhiteTitle "GM"]
[BlackTitle "CM"]
[WhiteElo "2449"]
[BlackElo "2164"]
[WhiteFideId "13300016"]
[BlackFideId "30940729"]
[EventDate "2025.06.03"]

1. d4 Nf6 2. Nf3 e6 3. e3 c5 4. Bd3 cxd4 5. exd4 Nc6 6. O-O d5 7. c3 Bd6 8. Re1
O-O 9. Bg5 h6 10. Bh4 b6 11. Nbd2 Bb7 12. Nf1 Be7 13. Bc2 Rc8 14. Ng3 g5 15.
Nxg5 hxg5 16. Bxg5 Nh7 17. Bh6 Bf6 18. Nh5 Bg5 19. Qd3 f5 20. Bxf8 Nxf8 21. Qg3
Kf7 22. Bd3 Nh7 23. Re2 Qd7 24. Rae1 Rg8 25. Qh3 Nd8 26. Nf4 Nf6 27. Nxe6 Nxe6
28. Rxe6 Ne4 29. Qxf5+ Bf6 30. R1xe4 dxe4 31. Rxf6+ Ke7 32. Rf7+ 1-0

[Event "Titled Tue 3rd Jan Late"]
[Site "chess.com INT"]
[Date "2025.06.03"]
[Round "9"]
[White "Ambrogi, Agustin"]
[Black "Ferreira, Vitor Hugo Vieira"]
[Result "0-1"]
[WhiteTitle "FM"]
[WhiteElo "2237"]
[BlackElo "2128"]
[WhiteFideId "170933"]
[BlackFideId "2119765"]
[EventDate "2025.06.03"]

1. e4 c5 2. Nc3 e6 3. g3 a6 4. Bg2 Nc6 5. Nge2 Nf6 6. O-O Be7 7. d3 O-O 8. h3 b5
9. e5 Ne8 10. h4 Bb7 11. Bf4 d6 12. exd6 Nxd6 13. Ne4 e5 14. Be3 Nxe4 15. dxe4
Nd4 16. c3 Ne6 17. Qc2 Qc7 18. Rad1 Rfd8 19. Rfe1 Rxd1 20. Rxd1 Rd8 21. Nc1 c4
22. b4 cxb3 23. Rxd8+ Qxd8 24. axb3 Qa8 25. b4 g6 26. Bh6 Qc8 27. Nd3 Nd4 28.
Qd2 Qxc3 29. Nxe5 Bxb4 30. Qg5 Ne6 31. Qf6 Qc7 32. Bh3 Qe7 33. Qf3 Nc5 34. Ng4
f5 35. Qd1 fxg4 36. Bxg4 Bxe4 37. Qd4 a5 38. Bg5 Qe8 39. Qf6 Bf5 40. Bh6 Qe1+
41. Kh2 Qxf2+ 42. Kh3 0-1

[Event "Titled Tue 3rd Jan Late"]
[Site "chess.com INT"]
[Date "2025.06.03"]
[Round "9"]
[White "Deac, Bogdan-Daniel"]
[Black "Erdogmus, Yagiz Kaan"]
[Result "1-0"]
[WhiteTitle "GM"]
[BlackTitle "GM"]
[WhiteElo "2668"]
[BlackElo "2618"]
[WhiteFideId "1226380"]
[BlackFideId "44599790"]
[EventDate "2025.06.03"]

1. d4 Nf6 2. c4 b6 3. Nf3 Bb7 4. g3 g6 5. Bg2 Bg7 6. O-O O-O 7. Qc2 c5 8. d5 e6
9. e4 exd5 10. exd5 b5 11. cxb5 Qb6 12. Nc3 Nxd5 13. Nxd5 Bxd5 14. Rd1 Bb7 15.
Be3 Rc8 16. a4 a6 17. Rac1 axb5 18. Bxc5 Qf6 19. Qd3 Rxa4 20. Qxb5 Bc6 21. Qb3
Qxb2 22. Qxb2 Bxb2 23. Rb1 Bf6 24. Be3 Na6 25. Nd4 Bxg2 26. Kxg2 Nc5 27. Nb5 Rc6
28. Nd4 Rd6 29. Nf5 Rxd1 30. Rb8+ 1-0

[Event "Titled Tue 3rd Jan Late"]
[Site "chess.com INT"]
[Date "2025.06.03"]
[Round "9"]
[White "Horobetz, Graham"]
[Black "Hartge, Gedeon"]
[Result "0-1"]
[BlackTitle "FM"]
[WhiteElo "2250"]
[BlackElo "2328"]
[WhiteFideId "2047322"]
[BlackFideId "12932116"]
[EventDate "2025.06.03"]

1. e4 Nf6 2. e5 Nd5 3. c4 Nb6 4. d4 d6 5. f4 dxe5 6. fxe5 c5 7. d5 g6 8. Nf3 Bg7
9. Bf4 Bg4 10. Nc3 O-O 11. h3 Bxf3 12. Qxf3 N8d7 13. Qe3 Qb8 14. e6 Ne5 15.
exf7+ Rxf7 16. g3 Nbxc4 17. Bxc4 Nxc4 18. Qe4 Rxf4 19. gxf4 Nxb2 20. Rc1 Qxf4
21. Qxf4 Nd3+ 22. Kd2 Nxf4 23. Rce1 Rd8 24. Kc2 a6 25. Rd1 b5 26. Rhe1 g5 27.
Ne4 h6 28. d6 exd6 29. Rxd6 Ra8 30. Rd7 Bd4 31. Nd6 Nxh3 32. Nf5 Rf8 33. Nxh6+
Kh8 34. Nf7+ Kg7 35. Nxg5+ Kg6 36. Nxh3 Rf3 37. Rd6+ Kf5 38. Rh1 Rc3+ 39. Kb1 a5 0-1

[Event "Titled Tue 3rd Jan Late"]
[Site "chess.com INT"]
[Date "2025.06.03"]
[Round "9"]
[White "Andrews, Todd"]
[Black "Gimeno Martos, Roberto"]
[Result "1-0"]
[WhiteTitle "FM"]
[BlackTitle "CM"]
[WhiteElo "2097"]
[BlackElo "2090"]
[WhiteFideId "2012456"]
[BlackFideId "2226804"]
[EventDate "2025.06.03"]

1. e4 g6 2. d4 Bg7 3. c4 d6 4. Nc3 Nc6 5. Nf3 Bg4 6. Be3 e5 7. d5 Nd4 8. Bxd4
exd4 9. Nb5 a6 10. Nbxd4 Qf6 11. Rb1 Ne7 12. Be2 O-O 13. O-O h5 14. b4 h4 15. h3
Bh5 16. Re1 Rfe8 17. Nc2 Nc8 18. Nh2 Bxe2 19. Rxe2 Qc3 20. c5 dxc5 21. bxc5 Qxc5
22. Rxb7 Nd6 23. Rb4 a5 24. Ra4 Qb5 25. Na3 Qc5 26. Rc2 Qb6 27. Nc4 Qb5 28. Nxd6
cxd6 29. Rac4 a4 30. Nf3 a3 31. Nxh4 Rab8 32. Qf3 Qb1+ 33. Kh2 Rb2 34. Rc7 Rf8
35. R2c6 Rxa2 36. Qg4 Qe1 37. Nxg6 Qxf2 38. Nxf8 Kxf8 39. Rc8+ Ke7 40. R6c7+ Kf6
41. Qf5+ Qxf5 42. exf5 Bh6 43. Kg3 Bf4+ 44. Kxf4 Rf2+ 45. Kg3 a2 46. Ra7 Rb2 47.
Rca8 Kxf5 48. Rxf7+ Ke5 49. Rfa7 Kxd5 50. Rxa2 Rb3+ 51. Kh2 Ke5 52. Re2+ Kd5 53.
Rd8 Kc6 54. Rd2 1-0

[Event "Titled Tue 3rd Jan Late"]
[Site "chess.com INT"]
[Date "2025.06.03"]
[Round "9"]
[White "Kravtsiv, Martyn"]
[Black "Yurtseven, Melih"]
[Result "1-0"]
[WhiteTitle "GM"]
[BlackTitle "IM"]
[WhiteElo "2598"]
[BlackElo "2339"]
[WhiteFideId "14113147"]
[BlackFideId "6312160"]
[EventDate "2025.06.03"]

1. e4 e5 2. Nf3 Nc6 3. d4 exd4 4. Nxd4 Nf6 5. Nxc6 bxc6 6. e5 Qe7 7. Qe2 Nd5 8.
g3 Bb7 9. Bg2 O-O-O 10. O-O Re8 11. c4 Nb6 12. Re1 d6 13. Qc2 dxe5 14. a4 Qb4
15. Nd2 a5 16. b3 f6 17. Ba3 Qxa3 18. Rxa3 Bxa3 19. c5 Nd7 20. Bh3 Rd8 21. Rd1
g6 22. Nc4 Bb4 23. Rxd7 Rxd7 24. Bxd7+ Kxd7 25. h4 Ke7 26. Qe4 Rd8 27. Qe3 Kf7
28. h5 Bc8 29. Qh6 Rd1+ 30. Kh2 Bf5 31. Qxh7+ Ke6 32. Ne3 Rd2 33. Nxf5 Rxf2+ 34.
Kh3 gxf5 35. Qxc7 Bxc5 36. Qxc6+ Bd6 37. h6 f4 38. h7 Rf3 39. Qxf3 1-0

[Event "Titled Tue 3rd Jan Late"]
[Site "chess.com INT"]
[Date "2025.06.03"]
[Round "9"]
[White "Gharibyan, Mamikon"]
[Black "Dobre, Claudiu-Cristian"]
[Result "1-0"]
[WhiteTitle "GM"]
[BlackTitle "IM"]
[WhiteElo "2472"]
[BlackElo "2265"]
[WhiteFideId "13308300"]
[BlackFideId "1211854"]
[EventDate "2025.06.03"]

1. d4 d5 2. c4 c6 3. Nf3 Nf6 4. Qc2 dxc4 5. e4 Bg4 6. Bxc4 e6 7. Be3 Nbd7 8. Nc3
Be7 9. O-O-O b5 10. Be2 Qa5 11. h3 Bh5 12. e5 Bg6 13. Bd3 Nd5 14. Bxg6 hxg6 15.
Nxd5 cxd5 16. Kb1 O-O 17. h4 Rfc8 18. Qd3 Qa4 19. h5 Qc4 20. hxg6 Qxd3+ 21. Rxd3
fxg6 22. Bg5 Kf7 23. Bxe7 Kxe7 24. Rh7 Rg8 25. Ng5 Nb6 26. Rf3 Raf8 27. Rxf8
Kxf8 28. Nxe6+ Kf7 29. Ng5+ Ke7 30. b3 b4 31. Kc2 Na8 32. f4 Nc7 33. g4 Nb5 34.
Kd3 Nc3 35. f5 gxf5 36. gxf5 Nxa2 37. f6+ Kd8 38. Rxg7 Re8 39. Nf7+ Kc7 40. Nd6+
Kd8 41. Rxa7 1-0

[Event "Titled Tue 3rd Jan Late"]
[Site "chess.com INT"]
[Date "2025.06.03"]
[Round "9"]
[White "Ivanov, Andrey A."]
[Black "Ferriz Barrios, Andres"]
[Result "0-1"]
[WhiteTitle "CM"]
[BlackTitle "FM"]
[WhiteElo "2103"]
[BlackElo "2102"]
[WhiteFideId "2514311"]
[BlackFideId "5104467"]
[EventDate "2025.06.03"]

1. d4 Nf6 2. Nf3 b6 3. c4 Bb7 4. d5 e6 5. Nc3 Bb4 6. Bg5 O-O 7. a3 Bxc3+ 8. bxc3
exd5 9. cxd5 Re8 10. c4 d6 11. e3 Nbd7 12. Bd3 h6 13. Bh4 b5 14. Rb1 bxc4 15.
Rxb7 cxd3 16. O-O Nc5 17. Bxf6 gxf6 18. Rb4 a5 19. Rg4+ Kh7 20. Nd4 Qd7 21. Rh4
Re5 22. Qf3 Rg8 23. Qxf6 Rg6 24. Qf3 f5 25. Rf4 Rf6 26. Qh3 Ne4 27. Nf3 Qe8 28.
Nxe5 Qxe5 29. Qh4 d2 30. h3 Rg6 31. Rd1 Qxd5 32. Qe7+ Rg7 33. Qh4 Nc3 34. f3
Nxd1 35. Qf6 Nxe3 36. Rh4 d1=Q+ 37. Kh2 Qe5+ 38. f4 Qxf6 39. Rxh6+ Qxh6 40. g3
Qe2+ 41. Kh1 Qxh3+ 42. Kg1 Rxg3# 0-1

[Event "Titled Tue 3rd Jan Late"]
[Site "chess.com INT"]
[Date "2025.06.03"]
[Round "9"]
[White "Dudin, Gleb"]
[Black "George, Kevin"]
[Result "1-0"]
[WhiteTitle "GM"]
[BlackTitle "IM"]
[WhiteElo "2564"]
[BlackElo "2301"]
[WhiteFideId "34184934"]
[BlackFideId "10669515"]
[EventDate "2025.06.03"]

1. Nf3 d5 2. g3 g6 3. Bg2 Bg7 4. O-O e5 5. d3 Nc6 6. e4 dxe4 7. dxe4 Qxd1 8.
Rxd1 Bg4 9. c3 Nf6 10. Re1 O-O 11. Nbd2 Rad8 12. a4 h6 13. a5 b6 14. Nc4 Rfe8
15. h3 Be6 16. Nfxe5 Nxa5 17. Nxa5 bxa5 18. Nc6 Rd3 19. Rxa5 a6 20. Nb4 Rdd8 21.
Bf4 Bf5 22. Bxc7 Rd2 23. Be5 Bxe4 24. Bxf6 Bxf6 25. Rxe4 Rxe4 26. Bxe4 Rxb2 27.
Nd5 Bg5 28. Rxa6 Bd2 29. c4 Be1 30. Rf6 Kg7 31. Kf1 Bd2 32. h4 g5 33. hxg5 hxg5
34. Rc6 Ra2 35. Ne7 Ra4 36. Nf5+ Kh7 37. Bd3 Ra3 38. Ke2 Bc3 39. c5 g4 40. Nh6+
Kg7 41. Nxg4 Bd4 42. Ne3 Ra2+ 43. Kf3 Rd2 44. Ke4 Ba1 45. f4 Rb2 46. Rd6 Ra2 47.
c6 Bc3 48. c7 Ra8 49. Ba6 Re8+ 50. Kf3 Bb4 51. c8=Q Rxc8 52. Bxc8 Bxd6 53. Nf5+
Kf6 54. Nxd6 Ke7 55. Ne4 f5 56. Bxf5 1-0

[Event "Titled Tue 3rd Jan Late"]
[Site "chess.com INT"]
[Date "2025.06.03"]
[Round "9"]
[White "Goryachkina, Aleksandra"]
[Black "Qin, Kevin"]
[Result "1-0"]
[WhiteTitle "GM"]
[WhiteElo "2544"]
[BlackElo "2017"]
[WhiteFideId "4147103"]
[BlackFideId "2627949"]
[EventDate "2025.06.03"]

1. e4 d6 2. d4 e5 3. Nf3 Bg4 4. Be2 Nc6 5. c3 Nf6 6. O-O Be7 7. Be3 O-O 8. Nbd2
Bc8 9. h3 h6 10. d5 Nb8 11. c4 a5 12. b3 Nh7 13. a3 Ng5 14. b4 axb4 15. axb4
Rxa1 16. Qxa1 f5 17. exf5 Bxf5 18. Qa7 b6 19. Nxg5 Bxg5 20. Bxg5 Qxg5 21. Nf3
Qe7 22. c5 bxc5 23. bxc5 dxc5 24. Rc1 e4 25. Ne1 Bxh3 26. Qxc5 Qg5 27. Qxc7 Nd7
28. Qc3 Bf5 29. d6 Nf6 30. Rd1 Kh8 31. Nc2 Bg4 32. Bxg4 Nxg4 33. Qg3 Nf6 34.
Qxg5 hxg5 35. Ne3 Rd8 36. Nc4 Kg8 37. Ne5 Kf8 38. d7 Ra8 39. Nc6 Nxd7 40. Rxd7
Ra1+ 41. Kh2 Rf1 42. Kg3 Rc1 43. Ne5 Rc5 44. Ng4 Rf5 45. Ne3 Rf4 46. Rd5 Rf6 47.
Rxg5 Kf7 48. Re5 Rg6+ 49. Kh2 Ra6 50. Rxe4 1-0

[Event "Titled Tue 3rd Jan Late"]
[Site "chess.com INT"]
[Date "2025.06.03"]
[Round "9"]
[White "Ibarra Jerez, Jose Carlos"]
[Black "Lazavik, Denis"]
[Result "1-0"]
[WhiteTitle "GM"]
[BlackTitle "GM"]
[WhiteElo "2545"]
[BlackElo "2577"]
[WhiteFideId "2226332"]
[BlackFideId "13515110"]
[EventDate "2025.06.03"]

1. e4 c5 2. d4 cxd4 3. Qxd4 Nc6 4. Qd3 e6 5. Nc3 a6 6. Bf4 b5 7. O-O-O Bb7 8.
Kb1 Nf6 9. e5 Nh5 10. Bc1 Qc7 11. f4 Nb4 12. Qd2 Nd5 13. Nxd5 Bxd5 14. Ne2 g6
15. Nc3 Bc6 16. Be2 Be7 17. Bxh5 gxh5 18. Qe2 O-O-O 19. Qxh5 b4 20. Qxf7 Bc5 21.
Ne2 Bxg2 22. Rhe1 Bf2 23. Qe7 Bxe1 24. Rxe1 a5 25. Nd4 Bc6 26. f5 exf5 27. Nxf5
Kb8 28. Nd6 Bd5 29. Qh4 Rhg8 30. Qd4 Bc6 31. Bf4 Rg2 32. Nf7 Ba4 33. Nxd8 Bxc2+
34. Ka1 Qxd8 35. e6+ d6 36. e7 Qe8 37. Qxd6+ Ka7 38. Qc5+ Ka6 39. Qc4+ Kb7 40.
Qd5+ Ka6 41. Qxg2 1-0

[Event "Titled Tue 3rd Jan Late"]
[Site "chess.com INT"]
[Date "2025.06.03"]
[Round "9"]
[White "Ali, Sebbar"]
[Black "Minko, Dmitry"]
[Result "1-0"]
[WhiteTitle "IM"]
[BlackTitle "FM"]
[WhiteElo "2400"]
[BlackElo "2247"]
[WhiteFideId "8100977"]
[BlackFideId "24188468"]
[EventDate "2025.06.03"]

1. e4 e5 2. Nf3 Nc6 3. d4 exd4 4. Nxd4 Bc5 5. Be3 Qf6 6. c3 Nge7 7. g3 d6 8. Bg2
h5 9. h3 Bd7 10. O-O Bb6 11. Na3 g5 12. Nab5 Nxd4 13. Bxd4 Bxd4 14. Nxd4 O-O-O
15. a4 Nc6 16. a5 a6 17. b4 Nxd4 18. cxd4 Kb8 19. Rc1 d5 20. e5 Qe7 21. Qf3 Bb5
22. Rfe1 g4 23. Qf6 Qxb4 24. Qxf7 c6 25. h4 Rdf8 26. Qd7 Qd2 27. Rcd1 Qxf2+ 28.
Kh2 Rd8 29. Qg7 Rhg8 30. Qh6 Rh8 31. Qg5 Rhg8 32. Qxh5 Rh8 33. Qg5 Rdg8 34. Qe3
Qf7 35. Kg1 Qe7 36. e6 Kc8 37. Qe5 Rh6 38. Re3 Re8 39. Rde1 Rf6 40. Qg5 Ref8 41.
Qxg4 Rf2 42. Rf3 R2xf3 43. Bxf3 Qf6 44. e7+ Kc7 45. exf8=Q 1-0

[Event "Titled Tue 3rd Jan Late"]
[Site "chess.com INT"]
[Date "2025.06.03"]
[Round "9"]
[White "Navoyan, Gagik"]
[Black "Deichmann, Esteban Horacio"]
[Result "1-0"]
[WhiteTitle "CM"]
[WhiteElo "2186"]
[BlackElo "2085"]
[WhiteFideId "13314866"]
[BlackFideId "167410"]
[EventDate "2025.06.03"]

1. e4 g6 2. d4 Bg7 3. Nc3 c5 4. Be3 d6 5. Nf3 Nf6 6. dxc5 O-O 7. cxd6 exd6 8.
Bd3 Nc6 9. O-O Re8 10. Re1 Bg4 11. h3 Be6 12. Nd4 Qd7 13. Nxe6 fxe6 14. Qd2 Rad8
15. Rad1 d5 16. exd5 exd5 17. Bg5 d4 18. Ne4 Nxe4 19. Bxe4 Rc8 20. a3 Ne5 21.
Qb4 b6 22. Kh1 Nc4 23. Bd3 Nd6 24. Bf4 Nf5 25. Rxe8+ Qxe8 26. Re1 Qc6 27. Be4
Qc5 28. Qb3+ Kh8 29. Qe6 Rf8 30. Bd3 Nh6 31. Bg3 Nf5 32. Bf4 Nh6 33. Bd6 Qc8 34.
Bxf8 Qxf8 35. Qe8 Ng8 36. Qxf8 Bxf8 37. Re8 Kg7 38. Ra8 Bc5 39. Rxa7+ Kh6 40. g4
Nf6 41. f4 g5 42. h4 gxf4 43. g5+ Kh5 44. gxf6 Kg4 45. Kg2 h5 46. f7 b5 47. Ra8
b4 48. f8=Q Bxf8 49. Rxf8 b3 50. cxb3 f3+ 51. Rxf3 Kxh4 52. a4 Kg4 53. a5 Kh4
54. a6 Kg4 55. a7 Kh4 56. a8=Q Kg4 57. Qe4+ Kg5 58. Rf5+ Kg6 59. Qe6+ Kg7 60.
Rf7+ Kg8 61. Qe8# 1-0

[Event "Titled Tue 3rd Jan Late"]
[Site "chess.com INT"]
[Date "2025.06.03"]
[Round "9"]
[White "Pulido Alvarez, Ariel"]
[Black "Cornelisse, Lorelei"]
[Result "1-0"]
[WhiteTitle "FM"]
[BlackTitle "WFM"]
[WhiteElo "2252"]
[BlackElo "2132"]
[WhiteFideId "3503011"]
[BlackFideId "1087177"]
[EventDate "2025.06.03"]

1. e4 e5 2. Nf3 Nc6 3. d4 exd4 4. Nxd4 Qh4 5. Nb5 Bb4+ 6. N1c3 Ba5 7. Be2 Nf6 8.
O-O O-O 9. Bf3 Ne5 10. g3 Nxf3+ 11. Qxf3 Qh3 12. Bg5 Ng4 13. Qg2 Qh5 14. Bf4 Ne5
15. Bxe5 Qxe5 16. f4 Qc5+ 17. Qf2 Qb4 18. a3 Qc4 19. Kg2 Bb6 20. Qe2 Qxe2+ 21.
Nxe2 c6 22. Nd6 Bc7 23. Rad1 Rd8 24. Nc3 b6 25. e5 Ba6 26. Rfe1 Kf8 27. Nce4 h6
28. Rd4 c5 29. Rd2 Ke7 30. Red1 Rab8 31. Nf5+ Kf8 32. Rxd7 Bb7 33. Kf3 g6 34.
Nxh6 Rxd7 35. Rxd7 Bd8 36. Rxf7+ Ke8 37. Ke3 Be7 38. Nd6+ Bxd6 39. exd6 Bd5 40.
Re7+ Kd8 41. f5 gxf5 42. Nxf5 Rb7 43. Rxb7 Bxb7 1-0

[Event "Titled Tue 3rd Jan Late"]
[Site "chess.com INT"]
[Date "2025.06.03"]
[Round "9"]
[White "Golizadeh, Asghar"]
[Black "Mizzi, Jack"]
[Result "1-0"]
[WhiteTitle "GM"]
[BlackTitle "CM"]
[WhiteElo "2457"]
[BlackElo "2086"]
[WhiteFideId "12505269"]
[BlackFideId "5602521"]
[EventDate "2025.06.03"]

1. e4 e5 2. Nf3 Nc6 3. Bb5 a6 4. Ba4 d6 5. c3 f5 6. exf5 Bxf5 7. d4 e4 8. Nfd2
d5 9. Nf1 Nf6 10. Bg5 Bd6 11. Ne3 Be6 12. Bxf6 Qxf6 13. Qh5+ Qf7 14. Qxf7+ Kxf7
15. c4 Nxd4 16. cxd5 Bc8 17. Nc3 b5 18. Rd1 Nf5 19. Bc2 Nxe3 20. fxe3 Bg4 21.
O-O+ Ke7 22. Rd4 Bd7 23. Rxe4+ Kd8 24. Rf7 g6 25. Rh4 Bc5 26. Rhxh7 Bxe3+ 27.
Kf1 Rxh7 28. Rxh7 Bd4 29. Bxg6 b4 30. Ne2 Bxb2 31. Nf4 Bf6 32. Ne6+ Bxe6 33.
dxe6 a5 34. Rd7+ Kc8 35. Be4 Ra6 36. Bf5 Kb8 37. e7 Bxe7 38. Rxe7 Rf6 39. g4 Rc6
40. Re8+ Ka7 41. Be4 Rc4 42. g5 1-0

[Event "Titled Tue 3rd Jan Late"]
[Site "chess.com INT"]
[Date "2025.06.03"]
[Round "9"]
[White "Garzon Zapatanga, Christopher Leonel"]
[Black "Alvarado, Carlos"]
[Result "1/2-1/2"]
[WhiteTitle "FM"]
[BlackTitle "CM"]
[WhiteElo "2168"]
[BlackElo "2032"]
[WhiteFideId "3634787"]
[BlackFideId "3800555"]
[EventDate "2025.06.03"]

1. b3 d5 2. Bb2 Bg4 3. Nf3 Bxf3 4. gxf3 Nd7 5. e3 Ngf6 6. c4 c6 7. Nc3 e6 8. Rg1
g6 9. Qc2 Bg7 10. O-O-O Qa5 11. Kb1 O-O 12. f4 a6 13. e4 dxe4 14. Nxe4 Nxe4 15.
Bxg7 Kxg7 16. Qxe4 Nf6 17. Qe5 Qb6 18. d4 a5 19. h4 a4 20. Rg3 axb3 21. Rxb3 Qa7
22. Rd2 h5 23. Be2 Qb8 24. Rdb2 b5 25. Bf3 Ra4 26. Bxc6 Rxc4 27. Bxb5 Rc7 28. a4
Rd8 29. Ka2 Rd5 30. Qe3 Qa7 31. Rb4 Rf5 32. Bd3 Nd5 33. Qd2 Nxb4+ 34. Rxb4 Ra5
35. Bc2 Rd5 36. Bb3 Rd6 37. d5 Rcd7 38. Qb2+ Kh7 39. dxe6 Rd2 40. exd7 Rxb2+ 41.
Kxb2 Qxd7 42. a5 Qd2+ 43. Ka3 Qxf2 44. a6 Qc5 45. Ka4 Qc6+ 46. Ka5 Qc7+ 47. Rb6
Qc3+ 48. Ka4 Qd4+ 49. Rb4 Qd7+ 50. Ka5 Qc7+ 51. Ka4 Qc6+ 52. Ka5 Qc7+ 1/2-1/2

[Event "Titled Tue 3rd Jan Late"]
[Site "chess.com INT"]
[Date "2025.06.03"]
[Round "9"]
[White "Vasquez Schroeder, Rodrigo"]
[Black "Ambartsumova, Karina"]
[Result "1-0"]
[WhiteTitle "GM"]
[BlackTitle "IM"]
[WhiteElo "2446"]
[BlackElo "2403"]
[WhiteFideId "3400042"]
[BlackFideId "4166299"]
[EventDate "2025.06.03"]

1. e4 c5 2. Nf3 a6 3. c4 Nc6 4. Nc3 Nf6 5. a3 e5 6. g3 g6 7. Bg2 Bg7 8. O-O O-O
9. Rb1 a5 10. d3 d6 11. h3 h6 12. Nd5 Nxd5 13. cxd5 Nd4 14. Nxd4 cxd4 15. b4
axb4 16. Rxb4 Kh7 17. f4 f5 18. Kh2 Qc7 19. Qb3 Ra7 20. Bd2 Qe7 21. a4 Kh8 22.
Rb6 Ra6 23. a5 fxe4 24. dxe4 Qd8 25. Qb4 Rxb6 26. axb6 exf4 27. Bxf4 Rf6 28. Rc1
g5 29. Bd2 Rf2 30. Be1 Re2 31. Qc4 d3 32. Qxd3 Ra2 33. Qc4 Ra8 34. Bc3 Bd7 35.
Bxg7+ Kxg7 36. Rf1 Qe7 37. Qc3+ Kg6 38. Qc7 Ra2 39. Kg1 Rxg2+ 40. Kxg2 Qxe4+ 41.
Kf2 Qd4+ 42. Kg2 Qe4+ 43. Rf3 Qe2+ 44. Rf2 Qe4+ 45. Kh2 Qe3 46. Qc2+ Kh5 47.
Qe2+ Qxe2 48. Rxe2 1-0

[Event "Titled Tue 3rd Jan Late"]
[Site "chess.com INT"]
[Date "2025.06.03"]
[Round "9"]
[White "Thake, Conrad"]
[Black "Ferraz, Michel Liah"]
[Result "0-1"]
[WhiteTitle "CM"]
[WhiteElo "1873"]
[BlackElo "1998"]
[WhiteFideId "5602947"]
[BlackFideId "22743219"]
[EventDate "2025.06.03"]

1. e4 e5 2. Nf3 Nc6 3. d4 exd4 4. Bc4 Nf6 5. e5 d5 6. Bb5 Ne4 7. O-O Bc5 8. Nxd4
O-O 9. Nxc6 bxc6 10. Bxc6 Ba6 11. Be3 Bxe3 12. Bxa8 Nxf2 13. Rxf2 Qh4 14. Qf3
Bxf2+ 15. Qxf2 Qg5 16. Nc3 Rxa8 17. Nxd5 Qxe5 18. Rd1 h6 19. c3 Rd8 20. Ne3 Re8
21. Re1 Bb7 22. Nc2 Qb5 23. Rxe8+ Qxe8 24. Qe3 Qc6 25. Ne1 a5 26. Kf2 Qf6+ 27.
Nf3 g5 28. Qe8+ Kh7 29. Qe3 g4 30. Qd3+ Kg7 31. Qb5 Bc6 32. Qe5 gxf3 33. Qxf6+
Kxf6 34. gxf3 a4 35. Ke3 Ke5 36. b3 a3 37. f4+ Kf5 38. c4 f6 39. b4 Ba4 0-1

[Event "Titled Tue 3rd Jan Late"]
[Site "chess.com INT"]
[Date "2025.06.03"]
[Round "9"]
[White "Becking, Stephan"]
[Black "Aliyev, Elnur"]
[Result "0-1"]
[WhiteTitle "IM"]
[BlackTitle "CM"]
[WhiteElo "2410"]
[BlackElo "2155"]
[WhiteFideId "4632478"]
[BlackFideId "13402617"]
[EventDate "2025.06.03"]

1. d4 f5 2. g4 fxg4 3. h3 g3 4. fxg3 e6 5. Nf3 b6 6. Nc3 Bb7 7. e4 Bb4 8. Bd3
Nf6 9. Qe2 c5 10. a3 Bxc3+ 11. bxc3 c4 12. Bxc4 Bxe4 13. O-O O-O 14. Bg5 Qc7 15.
Bf4 Qb7 16. Ng5 Bg6 17. Bd6 Re8 18. Rae1 a6 19. Be5 Nd5 20. Qf3 Nc6 21. Bxd5
exd5 22. Qxd5+ Kh8 23. Bf4 h6 24. Nf7+ Bxf7 25. Qxf7 Rf8 26. Qd5 Rae8 27. Re4
Na5 28. Qxb7 Nxb7 29. Rfe1 Rxe4 30. Rxe4 Rc8 31. Bd2 Nd6 32. Re7 Nc4 33. Bf4 d5
34. Rd7 Nxa3 35. Be5 Nc4 36. Bxg7+ Kg8 37. Bf6 Ne3 38. Rg7+ Kf8 39. Rb7 Rxc3 40.
Bg7+ Kg8 41. Bxh6 Nf5 0-1

[Event "Titled Tue 3rd Jan Late"]
[Site "chess.com INT"]
[Date "2025.06.03"]
[Round "9"]
[White "Toktomushev, Teimur"]
[Black "Lyakh, Vasiliy"]
[Result "1-0"]
[WhiteTitle "FM"]
[WhiteElo "2398"]
[BlackElo "2116"]
[WhiteFideId "14176726"]
[BlackFideId "14189828"]
[EventDate "2025.06.03"]

1. d4 c5 2. d5 e5 3. e4 d6 4. c4 g6 5. Nc3 Bg7 6. Be2 Ne7 7. Nf3 O-O 8. O-O h6
9. Ne1 f5 10. Nd3 f4 11. f3 g5 12. a3 Nd7 13. b4 b6 14. Bd2 h5 15. a4 Nf6 16. a5
Bd7 17. Ra2 g4 18. Qa1 Rb8 19. axb6 axb6 20. Ra7 Ng6 21. Be1 h4 22. fxg4 Bxg4
23. Bxg4 Nxg4 24. h3 Ne3 25. Rf3 Qg5 26. Qa2 Rbc8 27. Nb5 cxb4 28. Nxd6 Rcd8 29.
Bxb4 Rf6 30. Nb5 Rc8 31. c5 bxc5 32. Bxc5 Rb8 33. Bxe3 fxe3 34. d6+ Kh7 35. Rxf6
Qxf6 36. Qd5 Qg5 37. d7 Nf4 38. Nxf4 exf4 39. Qxg5 e2 40. Kf2 Rxb5 41. Qxb5 Bd4+
42. Kxe2 Bxa7 43. d8=Q 1-0